banner-ar

1789 - 1793 \ نيكراسوف / (Record no. 50952)

MARC details
000 -الفاتح
حقل البيانات ثابتة الطول 00709nam a2200229Ia 4500
008 - عناصر البيانات ثابتة الطول - معلومات عامة
حقل البيانات ثابتة الطول 140319s9999 xx 000 0 ara d
040 ## - مصدر الفهرسة
وكالة الفهرسة الأصلية GCL /
وكالة النسخ GCL
082 04 - رقم تصنيف ديوى العشرى
رقم التصنيف 842.043
رقم المادة م ن
100 1# - المدخل الرئيسى - إسم شخصى
الإسم الشخصى مصطفى فودة
245 10 - بيان العنوان
العنوان 1789 - 1793 \ نيكراسوف /
بيان المسئوليه,etc مصطفى فودة
700 1# - المدخل الاضافى - اسم شخصى
الإسم الشخصى جان بول سارتر
700 1# - المدخل الاضافى - اسم شخصى
الإسم الشخصى منوشكين , ا
700 1# - المدخل الاضافى - اسم شخصى
الإسم الشخصى سامية احمد اسعد
700 1# - المدخل الاضافى - اسم شخصى
الإسم الشخصى عبدالقادر التلمسانى
700 1# - المدخل الاضافى - اسم شخصى
الإسم الشخصى رضا الجمل
300 ## - الوصف المادى
التعداد 382 ص
490 ## - بيان السلسلة
عنوان السلسلة الهيئة العامة للاستعلامات
رقم المجلد/ التعيين التسلسلي 0
650 04 - المدخل الاضافى بالموضوع-مصطلح موضوعى
مصطلح موضوعي الادب الفرنسى
650 04 - المدخل الاضافى بالموضوع-مصطلح موضوعى
مصطلح موضوعي المسرحيات الفرنسية
942 ## - عناصر المدخل الإضافي( كوها)
مصدر التصنيف او مخطط الترفيف Dewey Decimal Classification
Koha [default] item type كتاب
Holdings
حالة التراجع حالة الفقد حالة تلف ليس للاعارة المكان المؤقت الموقع الحالى تاريخ الاكتساب اجمالي اﻻعارات رقم الطلب الباركود تاريخ اخر مشاهدة تاريخ تفعيل السعر نوع وعاء كوها
        مكتبة القاهرة الكبرى مكتبة القاهرة الكبرى 03/26/2014   842.043\م ن 122145 03/26/2014 03/26/2014 كتاب
        مكتبة القاهرة الكبرى مكتبة القاهرة الكبرى 03/26/2014   842.043\م ن 122146 03/26/2014 03/26/2014 كتاب
        مكتبة القاهرة الكبرى مكتبة القاهرة الكبرى 03/26/2014   842.043\م ن 122147 03/26/2014 03/26/2014 كتاب
        مكتبة القاهرة الكبرى مكتبة القاهرة الكبرى 03/26/2014   842.043\م ن 122148 03/26/2014 03/26/2014 كتاب
        مكتبة القاهرة الكبرى مكتبة القاهرة الكبرى 03/26/2014   842.043\م ن 122149 03/26/2014 03/26/2014 كتاب

Powered By

EGPV